000 nam a22 7a 4500
999 _c10378
_d10378
008 180215b ||||| |||| 00| 0 eng d
100 _aJaiswal,J.N.
_96332
245 _aComprehensive Practical Physics-XI
260 _aNew Delhi
_bLaxhmi